Olacaceae and Schoepfiaceae in eastern Northeast Brazil (Registro n. 337873)
[ somente texto ]
| 000 -LÍDER | |
|---|---|
| fixed length control field | 04095nab a2200277 i 4500 |
| 003 - CÓDIGO MARC DA AGÊNCIA CATALOGADORA | |
| Campo de controle | BR-BrBNA |
| 005 - DATA E HORA DA ÚLTIMA ATUALIZAÇÃO | |
| Campo de controle | 20250828174214.0 |
| 008 - CAMPO DE TAMANHO FIXO | |
| fixed length control field | 250828b2021 bl.ar|pooa||| 00| 0 eng | |
| 040 ## - FONTE DA CATALOGAÇÃO | |
| Agência catalogadora | BR-BrBNA |
| Idioma da catalogação | eng |
| 072 ## - CATEGORIA AGRIS | |
| Código AGRIS | F70 |
| 100 ## - ENTRADA PRINCIPAL - NOME PESSOAL | |
| Nome pessoal | Lucena, Danielly da Silva |
| 100 ## - ENTRADA PRINCIPAL - NOME PESSOAL | |
| Nome pessoal | Pessoa, Edlley |
| 100 ## - ENTRADA PRINCIPAL - NOME PESSOAL | |
| Nome pessoal | Alves, Marccus |
| 245 ## - TÍTULO PRINCIPAL | |
| Título principal | Olacaceae and Schoepfiaceae in eastern Northeast Brazil |
| 500 ## - NOTA GERAL | |
| Nota geral | Publicação on-line; 48 ref.; 1 table; 4 illus.; Summaries (En, Pt) |
| 942 ## - ADDED ENTRY ELEMENTS (KOHA) | |
| Koha item type | Analítica |
| 520 ## - NOTA DE RESUMO | |
| Nota de conteúdo | <br/><br/>Abstract<br/><br/>This study provides descriptions, identification key and illustrations of diagnostic characters, as well as<br/>comments on the distribution and habitat of species of Olacaceae and Schoepficeae occurring in the eastern<br/>portion of northeastern Brazil, this area includes the states of Alagoas, Ceará, Paraíba, Pernambuco and Rio<br/>Grande do Norte. The morphological descriptions are based on samples collected during field expeditions<br/>(2017-2019) and analysis of herbarium specimens. Were recorded five species in four genera belonging to<br/>the family Olacaceae (Cathedra rubricaulis, Dulacia gardneriana, Heisteria ovata, H. perianthomega and<br/>Ximenia americana) and one of Schoepfiaceae (Schoepfia brasiliensis), these species occur mainly in Atlantic<br/>Forest domain (Lowland and Montane Forests) are also registered in Caatinga and Cerrado domains. The<br/>distribution of D. gardneriana and H. perianthomega was expanded, to the states of Rio Grande do Norte and<br/>Paraíba, respectively. The main vegetative characters useful for specific delimitation are presence/absence of<br/>armed branches, petiole dorso-ventrally flattened or cylindrical and nerves impressed or flat on the adaxial<br/>surface. The presence/absence of staminodes, of a pubescent ovary and hypogynous disc, as well as floral<br/>pedicel size and diameter of accrescent calyx in fruits, are the most important reproductive characters for<br/>species determination.<br/><br/>Key words: Atlantic Forest, Caatinga, flora, Santalales, taxonomy.<br/><br/><br/><br/><br/>Resumo<br/><br/>Este estudo fornece descrições, chave de identificação e ilustrações dos caracteres diagnósticos, bem como,<br/>comentários sobre distribuição e habitat, para espécies de Olacaceae e Schoepfiaceae que ocorrem na porção<br/>oriental do Nordeste do Brasil, essa área inclui os estados de Alagoas, Ceará, Paraíba, Pernambuco e Rio<br/>Grande do Norte. As descrições morfológicas foram baseadas em amostras coletadas durante expedições<br/>de campo (2017-2019), e análise de espécimes de herbário. Foram registradas cinco espécies em quatro<br/>gêneros pertencentes à família Olacaceae (Cathedra rubricaulis, Dulacia gardneriana, Heisteria ovata, H.<br/>perianthomega e Ximenia americana), e uma Schoepfiaceae (Schoepfia brasiliensis), essas espécies ocorrem<br/>principalmente no domínio da Floresta Atlântica (montanas e de terras baixas), sendo registradas também nos<br/>domínios da Caatinga e Cerrado. A distribuição de D. gardneriana e H. perianthomega foi ampliada para<br/>os estados do Rio Grande do Norte e Paraíba, respectivamente. Os principais caracteres vegetativos úteis à<br/>delimitação específica são, presença/ausência de ramos armados, pecíolo achatado dorso-ventralmente ou<br/>cilíndrico e nervura principal impressa ou plana na face adaxial. A presença/ausência de estaminódios, de<br/>ovário pubescente e disco hipógino, assim como, tamanho do pedicelo floral e diâmetro do cálice acrescente<br/>nos frutos, são os caracteres reprodutivos mais importantes para a determinação das espécies.<br/><br/>Palavras-chave: Floresta Atlântica, Caatinga, flora, Santalales, taxonomia. |
| 650 ## - ASSUNTO - THESAGRO | |
| Cabeçalho tópico ou nome geográfico | FLORESTA ATLÂNTICA |
| 650 ## - ASSUNTO - THESAGRO | |
| Cabeçalho tópico ou nome geográfico | CAATINGA |
| 650 ## - ASSUNTO - THESAGRO | |
| Cabeçalho tópico ou nome geográfico | FLORA |
| 650 ## - ASSUNTO - THESAGRO | |
| Cabeçalho tópico ou nome geográfico | TAXONOMIA |
| 650 ## - ASSUNTO - THESAGRO | |
| Cabeçalho tópico ou nome geográfico | OLACACEAE |
| 773 0# - ENTRADA ANALÍTICA | |
| Host Biblionumber | 709 |
| Registro do item | 357347 |
| Imprenta | Rio de Janeiro-RJ Jardim Botanico do Rio de Janeiro 1935 |
| Outro identificador | 2025-5311 |
| Título | Rodriguésia (Brazil) |
| ISSN | 0370-6583; 2175-7860 on-line |
| Colação | v. 72 p. 1-15; (2021) |
| Número de controle de registro | BR2025001813 |
| 856 ## - ACESSO E ENDEREÇO ELETRÔNICO | |
| Identificador uniforme de recurso - URI | https://www.scielo.br/j/rod/a/qyFfC3v8MxyMC8DbgzhD7qv/?format=pdf&lang=en |
Nenhum exemplar disponível.

BINAGRI